[Event "84th Tata Steel Masters 2022"]
[Site "Wijk aan Zee"]
[Date "2022.01.20"]
[Round "5.4"]
[White "Van Foreest, Jorden"]
[Black "Mamedyarov, Shakhriyar"]
[Result "0-1"]
[WhiteElo "2702"]
[BlackElo "2767"]
[Annotator "TA"]
[PlyCount "88"]
[EventDate "2022.01.15"]
[EventType "tourn"]
[EventCountry "NED"]
[SourceTitle "playchess.com"]
[Source "ChessBase"]
[SourceQuality "1"]

1. e4 e5 2. Nf3 Nc6 3. Bb5 a6 4. Ba4 Nf6 5. O-O Nxe4 6. d4 b5 7. Bb3 d5 8. dxe5 Be6 9. a4 b4 10. Be3 Be7 11. a5 O-O 12. Qd3 Nc5 13. Bxc5 Bxc5 14. c3 Ne7 15. Nbd2 bxc3 16. bxc3 Ba7 17. Nd4 Bd7 18. N2f3 c5 19. e6 Be8 20. Ng5 f5 21. Nf7 Rxf7 22. exf7+ Bxf7 23. Nxf5 c4 24. Bxc4 Nxf5 25. Bxa6 Nd6 26. Qf3 Bc5 27. Bd3 Rxa5 28. Rxa5 Qxa5 29. h4 h5 30. g3 Ne8 31. c4 dxc4 32. Bh7+ Kf8 33. Bg6 Nf6 34. Bxf7 Kxf7 35. Rc1 Qc7 36. Kg2 Bd4 37. Qa8 c3 38. Qa2+ Kg6 39. Qc2+ Kh6 40. Qd3 Qb7+ 41. f3 Qb2+ 42. Rc2 Qb1 43. Qf5 Be3 44. Kh3 Qd1 0-1

[Event "85th Tata Steel Challengers 2023"]
[Site "Wijk aan Zee"]
[Date "2023.01.18"]
[Round "5.4"]
[White "Sindarov, Javokhir"]
[Black "Pechac, Jergus"]
[Result "1-0"]
[WhiteElo "2654"]
[BlackElo "2637"]
[Annotator "TA"]
[PlyCount "105"]
[EventDate "2023.01.10"]
[EventType "tourn"]
[EventCountry "NED"]
[SourceTitle "playchess.com"]
[Source "ChessBase"]
[SourceQuality "1"]

1. e4 d5 2. exd5 Qxd5 3. Nc3 Qd6 4. d4 Nf6 5. Nf3 Nc6 6. Nb5 Qd8 7. c4 Bg4 8. Be2 a6 9. Nc3 Bxf3 10. Bxf3 Nxd4 11. Bxb7 Rb8 12. Be3 Rxb7 13. Bxd4 c6 14. Ne2 e6 15. O-O c5 16. Be5 Qxd1 17. Raxd1 Nd7 18. Bc3 Nb8 19. Ng3 Nc6 20. Ne4 Nd4 21. Rfe1 h5 22. Rd2 Nf5 23. Red1 Be7 24. Nxc5 Rc7 25. Nxa6 Rxc4 26. Bb4 O-O 27. Bxe7 Nxe7 28. b3 Rc6 29. Nb4 Rb6 30. a3 Kh7 31. Rd7 Nd5 32. Nxd5 exd5 33. R7xd5 Rxb3 34. Rxh5+ Kg6 35. Ra5 Rd8 36. Ra1 Rd2 37. h4 Rbb2 38. Rg5+ Kf6 39. f3 g6 40. Rg4 Rd5 41. a4 Kg7 42. a5 f5 43. Rg5 Kh6 44. f4 Rbb5 45. h5 gxh5 46. Ra3 Rd1+ 47. Kh2 Rbb1 48. Rxf5 h4 49. Kh3 Rh1+ 50. Kg4 Rbg1 51. Rh5+ Kg6 52. Rg5+ Kf6 53. Kh5 1-0

[Event "84th Tata Steel Challengers 2022"]
[Site "Wijk aan Zee"]
[Date "2022.01.20"]
[Round "5.4"]
[White "Ganguly, Surya Shekhar"]
[Black "Vogel, Roven"]
[Result "1-0"]
[WhiteElo "2627"]
[BlackElo "2452"]
[Annotator "TA"]
[PlyCount "125"]
[EventDate "2022.01.15"]
[EventType "tourn"]
[EventCountry "NED"]
[SourceTitle "playchess.com"]
[Source "ChessBase"]
[SourceQuality "1"]

1. e4 e5 2. Nf3 Nc6 3. Bc4 Nf6 4. d3 Bc5 5. c3 d6 6. a4 a6 7. O-O Ba7 8. Re1 h6 9. Nbd2 O-O 10. h3 Ne7 11. Nf1 Ng6 12. Ng3 c6 13. Bb3 d5 14. exd5 Nxd5 15. d4 exd4 16. Nxd4 Re8 17. Rxe8+ Qxe8 18. Bxd5 cxd5 19. Be3 Bb8 20. Qd2 Bxg3 21. fxg3 Qe5 22. Bf4 Nxf4 23. Qxf4 f6 24. Kf2 Bd7 25. Re1 Qxf4+ 26. gxf4 Kf7 27. a5 g5 28. Ra1 Rc8 29. Ra3 Rc5 30. Kg3 Bc8 31. h4 Rc7 32. Ra1 Re7 33. fxg5 hxg5 34. hxg5 fxg5 35. Rf1+ Kg6 36. Rf8 Bd7 37. Rb8 Be8 38. Rd8 Bd7 39. Nf3 Kf6 40. Rf8+ Kg6 41. Rg8+ Kf6 42. Rxg5 d4 43. cxd4 Re2 44. Kf4 Rxb2 45. Ne5 Be6 46. Rg6+ Ke7 47. g4 Rb4 48. Nf3 Rb5 49. Rg5 Rb4 50. Re5 b5 51. axb6 Kd6 52. g5 Rxb6 53. g6 Rb8 54. Kg5 Rb2 55. Kf6 Bd5 56. g7 Rb6 57. Kg5 Rb8 58. Nh4 Be6 59. Kf6 Bg8 60. Nf5+ Kd7 61. d5 Rb6+ 62. d6 Rb5 63. Re7+ 1-0

[Event "Tata Steel Tienkampen 2023"]
[Site "Wijk aan Zee"]
[Date "2023.01.24"]
[Round "5.4"]
[White "Lopez, Jasel"]
[Black "Culum, Sanjin"]
[Result "0-1"]
[WhiteElo "2434"]
[BlackElo "2242"]
[Annotator "TA"]
[PlyCount "162"]
[EventDate "2023.01.20"]
[EventType "swiss"]
[EventCountry "NED"]
[SourceTitle "playchess.com"]
[Source "ChessBase"]
[SourceQuality "1"]

1. d4 Nf6 2. c4 e6 3. Nc3 Bb4 4. e3 O-O 5. Bd2 d5 6. Nf3 b6 7. cxd5 exd5 8. Rc1 a6 9. Bd3 Re8 10. Ne5 Bd6 11. f4 Bb7 12. O-O c5 13. Qf3 Nc6 14. Qh3 g6 15. Be1 cxd4 16. Nxc6 Bxc6 17. exd4 Nh5 18. Bh4 Qb8 19. Bg5 f6 20. f5 Bxh2+ 21. Qxh2 Qxh2+ 22. Kxh2 fxg5 23. fxg6 h6 24. Rf7 Nf4 25. Nd1 Re6 26. Bf5 Rd6 27. Rc7 Be8 28. Ne3 Nxg6 29. Nxd5 Bf7 30. Ne3 Re8 31. Ng4 Ne7 32. Bb1 Nd5 33. R7c6 Ree6 34. Rc8+ Kg7 35. Ne5 Ne7 36. R8c7 Rxd4 37. Nf3 Rg4 38. Bd3 b5 39. Rd7 Be8 40. Rd8 Bg6 41. Nd4 Re3 42. Bxg6 Kxg6 43. Rd6+ Kh5 44. Rf1 Rd3 45. Nf5 Rxd6 46. Nxd6 Rd4 47. Ne8 Nd5 48. Nf6+ Kg6 49. Nxd5 Rxd5 50. Rc1 a5 51. Rc6+ Kh5 52. Ra6 a4 53. Rb6 g4 54. Rf6 Kg5 55. Rf2 h5 56. g3 Rf5 57. Re2 Kf6 58. Kg2 Re5 59. Rd2 Kf5 60. Kf2 Ke4 61. Re2+ Kd4 62. Rd2+ Kc4 63. Rc2+ Kb4 64. Rc3 Ka5 65. Rc6 Rf5+ 66. Kg2 Rd5 67. Rc2 b4 68. Kf2 Re5 69. Rc8 b3 70. axb3 axb3 71. Rb8 Ka4 72. Ra8+ Kb4 73. Rb8+ Kc4 74. Rc8+ Rc5 75. Rd8 Rf5+ 76. Kg2 Rf3 77. Rc8+ Kd3 78. Rc5 Re3 79. Kf1 Kd2 80. Rxh5 Kc2 81. Kf2 Re4 0-1

[Event "83rd Tata Steel Masters 2021"]
[Site "Wijk aan Zee"]
[Date "2021.01.21"]
[Round "5.5"]
[White "Caruana, Fabiano"]
[Black "Esipenko, Andrey"]
[Result "1/2-1/2"]
[WhiteElo "2823"]
[BlackElo "2677"]
[Annotator "TA"]
[PlyCount "79"]
[EventDate "2021.01.16"]
[EventType "tourn"]
[EventCountry "NED"]
[SourceTitle "playchess.com"]
[Source "ChessBase"]
[SourceQuality "1"]

1. c4 Nf6 2. Nc3 e5 3. Nf3 Nc6 4. g3 Bb4 5. Nd5 e4 6. Nh4 d6 7. Bg2 O-O 8. O-O g5 9. d4 h6 10. Ne3 gxh4 11. a3 Ba5 12. b4 Bb6 13. c5 h3 14. Bh1 dxc5 15. dxc5 Qxd1 16. Rxd1 Bxc5 17. bxc5 Re8 18. Bb2 Ne5 19. Rd4 Neg4 20. Rf1 a5 21. a4 Ra6 22. Nxg4 Bxg4 23. f3 Be6 24. fxe4 Nd7 25. Ba3 Ne5 26. Rb1 b6 27. cxb6 Rxb6 28. Rxb6 cxb6 29. Bd6 Bb3 30. Bc7 Re6 31. Bf3 Nxf3+ 32. exf3 Rc6 33. Bf4 h5 34. Kf2 Rc2+ 35. Rd2 Bxa4 36. Rxc2 Bxc2 37. Bc7 a4 38. Bxb6 Bd1 39. Bc5 Kg7 40. Ke3 1/2-1/2

[Event "84th Tata Steel Masters 2022"]
[Site "Wijk aan Zee"]
[Date "2022.01.20"]
[Round "5.5"]
[White "Rapport, Richard"]
[Black "Praggnanandhaa R"]
[Result "1-0"]
[WhiteElo "2763"]
[BlackElo "2612"]
[Annotator "TA"]
[PlyCount "111"]
[EventDate "2022.01.15"]
[EventType "tourn"]
[EventCountry "NED"]
[SourceTitle "playchess.com"]
[Source "ChessBase"]
[SourceQuality "1"]

1. d4 Nf6 2. c4 e6 3. Nc3 Bb4 4. Qc2 O-O 5. a3 Bxc3+ 6. Qxc3 d5 7. Bg5 c5 8. dxc5 d4 9. Qg3 Nbd7 10. Nf3 e5 11. Rd1 Re8 12. b4 a5 13. Nd2 axb4 14. axb4 Kf8 15. Qb3 h6 16. Bh4 e4 17. e3 d3 18. h3 g5 19. Bg3 Ne5 20. Qb2 Qe7 21. Ra1 Rxa1+ 22. Qxa1 Bf5 23. Bxe5 Qxe5 24. Qxe5 Rxe5 25. g4 Bg6 26. Bg2 Re8 27. Nb1 Nd7 28. Kd2 Ra8 29. Kc3 Ra2 30. Rd1 Rxf2 31. Rd2 Rf6 32. Kd4 Re6 33. Nc3 Nf6 34. b5 Kg7 35. Ra2 h5 36. gxh5 Bf5 37. Rb2 Kh6 38. Rf2 Bh7 39. Nd5 Nxh5 40. Rxf7 d2 41. Nc3 Ng3 42. Nd1 Ne2+ 43. Kd5 Re8 44. Kd6 Bg6 45. Rd7 Nf4 46. Kc7 Nxg2 47. Rxd2 Ne1 48. Kxb7 Nd3 49. c6 Bf5 50. c7 Re5 51. Nb2 Nc5+ 52. Kc6 Nb3 53. Rd8 Rc5+ 54. Kd6 g4 55. hxg4 Bxg4 56. b6 1-0

[Event "85th Tata Steel Masters 2023"]
[Site "Wijk aan Zee"]
[Date "2023.01.19"]
[Round "5.5"]
[White "Aronian, Levon"]
[Black "Keymer, Vincent"]
[Result "1-0"]
[WhiteElo "2735"]
[BlackElo "2696"]
[Annotator "TA"]
[PlyCount "157"]
[EventDate "2023.01.10"]
[EventType "tourn"]
[EventCountry "NED"]
[SourceTitle "playchess.com"]
[Source "ChessBase"]
[SourceQuality "1"]

1. e4 e5 2. Nf3 Nc6 3. Bb5 a6 4. Ba4 Nf6 5. O-O Be7 6. d3 b5 7. Bb3 d6 8. c3 O-O 9. Bc2 Re8 10. Re1 h6 11. Nbd2 Bf8 12. d4 Bb7 13. d5 Nb8 14. b3 Nbd7 15. c4 c6 16. Nf1 a5 17. Be3 a4 18. h3 axb3 19. axb3 Rxa1 20. Qxa1 Qc7 21. Rc1 Ra8 22. Qb2 Qa5 23. Ng3 b4 24. Ne1 Nc5 25. Rd1 Nfd7 26. Nf5 cxd5 27. exd5 Bc8 28. Bd2 Nf6 29. Ng3 Be7 30. Nd3 Nxd3 31. Bxd3 Bd7 32. Bf5 Be8 33. Bb1 Bd7 34. f4 Re8 35. Rf1 Bd8 36. fxe5 Qc5+ 37. Kh2 Rxe5 38. Bf4 Re8 39. Qd2 h5 40. Bg5 h4 41. Bxh4 Qe3 42. Qxe3 Rxe3 43. Rf3 Rxf3 44. gxf3 Be7 45. Bf5 Be8 46. Bxf6 Bxf6 47. f4 g6 48. Ne4 Be7 49. Bc8 f5 50. Nf2 Bd8 51. Nd3 Ba5 52. Kg3 Kg7 53. Kf3 Kf6 54. Be6 Ke7 55. Ke2 Kf6 56. Bc8 Ke7 57. Ba6 Bf7 58. Bb5 Kf6 59. h4 Ke7 60. Kf3 Kf6 61. Nf2 Bb6 62. Nh3 Bd4 63. Ng5 Ke7 64. Ba6 Bb6 65. Bc8 Be8 66. h5 gxh5 67. Bxf5 Bd4 68. Ne4 Bf7 69. Bh7 Be8 70. Kg3 Bf7 71. Kh3 Be8 72. f5 Bb2 73. Bg6 Bd7 74. Kh4 Bd4 75. Kxh5 Bc8 76. Kg5 Be3+ 77. Kg4 Bd4 78. Bh7 Bf6 79. Bg8 1-0

[Event "84th Tata Steel Challengers 2022"]
[Site "Wijk aan Zee"]
[Date "2022.01.20"]
[Round "5.5"]
[White "Jumabayev, Rinat"]
[Black "Dardha, Daniel"]
[Result "1-0"]
[WhiteElo "2631"]
[BlackElo "2533"]
[Annotator "TA"]
[PlyCount "205"]
[EventDate "2022.01.15"]
[EventType "tourn"]
[EventCountry "NED"]
[SourceTitle "playchess.com"]
[Source "ChessBase"]
[SourceQuality "1"]

1. d4 Nf6 2. c4 e6 3. Nf3 d5 4. g3 Bb4+ 5. Bd2 Be7 6. Bg2 O-O 7. O-O Nbd7 8. Qc2 c6 9. Bf4 b6 10. Nbd2 Ba6 11. Rfd1 Nh5 12. e3 Rc8 13. h4 Bb7 14. Rac1 h6 15. cxd5 cxd5 16. Bc7 Qe8 17. Qa4 Nc5 18. Qxe8 Rfxe8 19. dxc5 Rxc7 20. cxb6 Rxc1 21. Rxc1 axb6 22. Rc7 Ba8 23. Nd4 Bd6 24. Ra7 Nf6 25. Nb5 Bf8 26. Nf3 Bc6 27. Nbd4 Rc8 28. Ra6 Nd7 29. Bf1 Bd6 30. Nxc6 Rxc6 31. Bb5 Nb8 32. Ra7 Rc7 33. Ra8 Rc1+ 34. Kg2 e5 35. h5 g5 36. hxg6 fxg6 37. Nh4 Kf7 38. Nf3 Ke7 39. b4 Nd7 40. Nh4 Nf6 41. a3 Rc2 42. Ra7+ Ke6 43. Bd3 Rc7 44. Rxc7 Bxc7 45. Bxg6 Bd6 46. Bf5+ Kf7 47. Nf3 Ne8 48. Bd7 Nf6 49. Bf5 Ne8 50. Kf1 Bc7 51. Bc2 Ke6 52. Bh7 Nf6 53. Bg6 Ng8 54. Ke2 Ne7 55. Bc2 Nc8 56. Bh7 Bd8 57. Bg8+ Kd6 58. e4 dxe4 59. Nd2 b5 60. Nxe4+ Kc6 61. Bf7 Kd7 62. Bh5 Ke7 63. Nc3 Nd6 64. Bg4 e4 65. Nd5+ Kf7 66. Ke3 Bg5+ 67. Kd4 Bd2 68. Bh5+ Ke6 69. Bg4+ Kf7 70. Ke5 Nc4+ 71. Kxe4 Be1 72. Kf3 Nxa3 73. Bf5 Bd2 74. Ke2 Bg5 75. Kd3 h5 76. f4 Bh6 77. Kd4 Bf8 78. Bd7 Bd6 79. Kc3 Nb1+ 80. Kd4 Na3 81. Bf5 Bf8 82. Bd7 Bd6 83. Kd3 Bf8 84. g4 hxg4 85. Bxg4 Nc4 86. Bd7 Nd6 87. Kd4 Kg6 88. Kc5 Kh5 89. Bxb5 Kg4 90. Be2+ Kg3 91. Bd3 Kf3 92. b5 Nf5+ 93. Kc6 Nd4+ 94. Kd7 Nb3 95. Bc2 Nc5+ 96. Ke8 Bd6 97. f5 Ke2 98. f6 Kd2 99. Bf5 Nb7 100. Bc8 Nc5 101. f7 Ne4 102. Bf5 Ng3 103. Bg6 1-0

[Event "85th Tata Steel Challengers 2023"]
[Site "Wijk aan Zee"]
[Date "2023.01.18"]
[Round "5.5"]
[White "Warmerdam, Max"]
[Black "Mishra, Abhimanyu"]
[Result "1/2-1/2"]
[WhiteElo "2616"]
[BlackElo "2559"]
[Annotator "TA"]
[PlyCount "69"]
[EventDate "2023.01.10"]
[EventType "tourn"]
[EventCountry "NED"]
[SourceTitle "playchess.com"]
[Source "ChessBase"]
[SourceQuality "1"]

1. d4 d5 2. c4 c6 3. Nf3 Nf6 4. e3 e6 5. b3 c5 6. Bb2 cxd4 7. Nxd4 e5 8. Nf3 Nc6 9. cxd5 Nxd5 10. a3 f6 11. Nbd2 Be6 12. Qb1 Qd7 13. b4 Rd8 14. Be2 Be7 15. O-O O-O 16. Rd1 Qe8 17. Bd3 Kh8 18. Nh4 g6 19. Nhf3 Nb6 20. b5 Na5 21. Bc3 Nac4 22. Nxc4 Nxc4 23. Bb4 Qf7 24. Be2 Rc8 25. Nd2 Nb6 26. Ne4 Nd5 27. Qb2 Rfd8 28. h3 b6 29. Bg4 Nxb4 30. axb4 Bxg4 31. hxg4 Rxd1+ 32. Rxd1 Qe6 33. f3 Rc7 34. Nc3 Rd7 35. Rxd7 1/2-1/2

[Event "Tata Steel Tienkampen 2023"]
[Site "Wijk aan Zee"]
[Date "2023.01.24"]
[Round "5.5"]
[White "Van der Werf, Mark"]
[Black "Martins, Vinicius Tine"]
[Result "1-0"]
[WhiteElo "2412"]
[BlackElo "2320"]
[Annotator "TA"]
[PlyCount "109"]
[EventDate "2023.01.20"]
[EventType "swiss"]
[EventCountry "NED"]
[SourceTitle "playchess.com"]
[Source "ChessBase"]
[SourceQuality "1"]

1. d4 Nf6 2. c4 e6 3. Nc3 Bb4 4. e3 O-O 5. Bd3 d5 6. a3 Bxc3+ 7. bxc3 c5 8. cxd5 exd5 9. Ne2 Nc6 10. f3 Re8 11. O-O Qd6 12. Qe1 Bd7 13. Rb1 b6 14. Qh4 Ne7 15. g4 Ng6 16. Qg3 Qxg3+ 17. Nxg3 h6 18. Bd2 Rac8 19. Nf5 Bxf5 20. Bxf5 Rc7 21. Bd3 Ne7 22. h4 Nc6 23. g5 hxg5 24. hxg5 Nd7 25. g6 Na5 26. gxf7+ Kxf7 27. e4 cxd4 28. cxd4 Nc4 29. Bf4 Rcc8 30. Rb5 Nxa3 31. Rxd5 Nf6 32. Rg5 Rc3 33. Ba6 Rd8 34. d5 b5 35. Bd2 Rd3 36. Bb4 Nc2 37. Ba5 Rb8 38. Bc7 Rh8 39. Bxb5 Rc3 40. Be5 Rc5 41. Bd3 Nb4 42. Be2 a5 43. Bd6 Rc2 44. Bd1 Rc3 45. Be5 Rd3 46. Bc7 Ra8 47. Ba4 Ra3 48. Bb5 Rc3 49. Be5 Rc2 50. Ra1 Rc5 51. Bf1 a4 52. Rb1 a3 53. Rxb4 Ra7 54. Rb1 a2 55. Ra1 1-0

[Event "84th Tata Steel Masters 2022"]
[Site "Wijk aan Zee"]
[Date "2022.01.20"]
[Round "5.6"]
[White "Duda, Jan-Krzysztof"]
[Black "Karjakin, Sergey"]
[Result "1/2-1/2"]
[WhiteElo "2760"]
[BlackElo "2743"]
[Annotator "TA"]
[PlyCount "72"]
[EventDate "2022.01.15"]
[EventType "tourn"]
[EventCountry "NED"]
[SourceTitle "playchess.com"]
[Source "ChessBase"]
[SourceQuality "1"]

1. d4 d5 2. c4 dxc4 3. e4 b5 4. a4 c6 5. axb5 cxb5 6. Nc3 Qb6 7. Be2 e6 8. Nh3 Bb7 9. O-O Nf6 10. e5 Nd5 11. Nxd5 Bxd5 12. Nf4 Nc6 13. Be3 Rd8 14. b3 Bb4 15. bxc4 bxc4 16. Qc2 O-O 17. Rfd1 Ne7 18. Nxd5 exd5 19. f4 a5 20. f5 f6 21. e6 g6 22. g4 Kh8 23. Kh1 Rg8 24. Rf1 gxf5 25. gxf5 Bd6 26. Rab1 Qc7 27. Bh5 Rb8 28. Qf2 c3 29. Bh6 Rxb1 30. Rxb1 Qc4 31. Be2 Qa2 32. Rc1 Nc6 33. Rg1 Ne7 34. Rc1 Rg4 35. Be3 Rg7 36. Bh6 Rg4 1/2-1/2

[Event "85th Tata Steel Masters 2023"]
[Site "Wijk aan Zee"]
[Date "2023.01.19"]
[Round "5.6"]
[White "Maghsoodloo, Parham"]
[Black "Van Foreest, Jorden"]
[Result "1-0"]
[WhiteElo "2719"]
[BlackElo "2681"]
[Annotator "TA"]
[PlyCount "89"]
[EventDate "2023.01.10"]
[EventType "tourn"]
[EventCountry "NED"]
[SourceTitle "playchess.com"]
[Source "ChessBase"]
[SourceQuality "1"]

1. d4 d5 2. c4 dxc4 3. e4 e5 4. Nf3 Bb4+ 5. Nc3 Nf6 6. Nxe5 b5 7. f3 O-O 8. a3 Ba5 9. a4 c5 10. dxc5 Qe8 11. axb5 Bxc3+ 12. bxc3 Qxe5 13. Qd4 Qc7 14. c6 Be6 15. Be2 Nxc6 16. bxc6 Rfd8 17. Qf2 a5 18. Be3 Qxc6 19. O-O a4 20. Bd4 Ne8 21. f4 Qxe4 22. f5 Bd5 23. Rae1 a3 24. Bh5 a2 25. Rxe4 Bxe4 26. Ra1 Rdb8 27. Bb6 Ra6 28. Rxa2 Raxb6 29. h3 Nf6 30. Be2 Rb5 31. Bxc4 Rxf5 32. Qa7 Rf8 33. Rb2 h5 34. Rb8 Rxb8 35. Qxb8+ Kh7 36. Bxf7 Rg5 37. g3 Ra5 38. Be6 Ra1+ 39. Kf2 Bg6 40. g4 Rb1 41. Qe5 Ne4+ 42. Kg2 Rb2+ 43. Kf3 h4 44. Bd5 Nf6 45. Qg5 1-0

[Event "83rd Tata Steel Masters 2021"]
[Site "Wijk aan Zee"]
[Date "2021.01.21"]
[Round "5.6"]
[White "Grandelius, Nils"]
[Black "Vachier-Lagrave, Maxime"]
[Result "1-0"]
[WhiteElo "2663"]
[BlackElo "2784"]
[Annotator "TA"]
[PlyCount "69"]
[EventDate "2021.01.16"]
[EventType "tourn"]
[EventCountry "NED"]
[SourceTitle "playchess.com"]
[Source "ChessBase"]
[SourceQuality "1"]

1. e4 c5 2. Nf3 d6 3. d4 cxd4 4. Nxd4 Nf6 5. Nc3 a6 6. Bg5 e6 7. f4 Qb6 8. Qd2 Qxb2 9. Rb1 Qa3 10. f5 Be7 11. fxe6 Bxe6 12. Nxe6 fxe6 13. Bc4 Nbd7 14. Bxe6 Nc5 15. Bb3 Rc8 16. O-O Nxb3 17. Rxb3 Qc5+ 18. Be3 Qc4 19. Rf4 Qe6 20. Rxb7 O-O 21. h3 Rb8 22. Ra7 Ra8 23. Rxa8 Rxa8 24. Nd5 Rb8 25. c4 Bd8 26. Qf2 Nd7 27. Bd4 Bg5 28. Rf5 Bh6 29. Kh2 Rc8 30. Qg3 g6 31. Qh4 Bf8 32. Rf6 Qe8 33. Rxf8+ Qxf8 34. Ne7+ Kf7 35. Nxc8 1-0

[Event "82nd Tata Steel Masters 2020"]
[Site "Wijk aan Zee"]
[Date "2020.01.16"]
[Round "5.6"]
[White "Kovalev, Vladislav"]
[Black "So, Wesley"]
[Result "1/2-1/2"]
[WhiteElo "2660"]
[BlackElo "2765"]
[Annotator "TA"]
[PlyCount "42"]
[EventDate "2020.01.11"]
[EventType "tourn"]
[EventCountry "NED"]
[SourceTitle "playchess.com"]
[Source "ChessBase"]
[SourceQuality "1"]

1. e4 e5 2. Nf3 Nc6 3. Bb5 Nf6 4. O-O Nxe4 5. Re1 Nd6 6. Nxe5 Be7 7. Bf1 Nxe5 8. Rxe5 O-O 9. d4 Bf6 10. Re1 Re8 11. c3 Rxe1 12. Qxe1 Nf5 13. a4 d5 14. a5 Nd6 15. Bf4 Bf5 16. Nd2 Bg5 17. Bxg5 Qxg5 18. Nf3 Qd8 19. Ne5 f6 20. Nd3 c6 21. Qd1 Qc7 1/2-1/2

[Event "85th Tata Steel Challengers 2023"]
[Site "Wijk aan Zee"]
[Date "2023.01.18"]
[Round "5.6"]
[White "Beerdsen, Thomas"]
[Black "Roebers, Eline"]
[Result "1-0"]
[WhiteElo "2515"]
[BlackElo "2361"]
[Annotator "TA"]
[PlyCount "65"]
[EventDate "2023.01.10"]
[EventType "tourn"]
[EventCountry "NED"]
[SourceTitle "playchess.com"]
[Source "ChessBase"]
[SourceQuality "1"]

1. e4 e6 2. d4 d5 3. Nc3 Bb4 4. Bd2 dxe4 5. Qg4 Nf6 6. Qxg7 Rg8 7. Qh6 Qxd4 8. O-O-O Bf8 9. Qh4 Rg4 10. Qh3 Qxf2 11. g3 Qc5 12. Bg2 e3 13. Be1 Nc6 14. Nge2 Rc4 15. g4 e5 16. Qf3 Be7 17. g5 Bg4 18. Qf1 Nd4 19. Kb1 Nxe2 20. Nxe2 Rxc2 21. Bf3 Bf5 22. Bc6+ bxc6 23. Qxf5 Rxe2 24. gxf6 Bxf6 25. Rg1 Kf8 26. Bc3 Rb8 27. Ka1 Rf2 28. Qxh7 e2 29. Qg8+ Ke7 30. Qxb8 exd1=Q+ 31. Rxd1 Qd6 32. Bb4 c5 33. Bxc5 1-0

[Event "84th Tata Steel Challengers 2022"]
[Site "Wijk aan Zee"]
[Date "2022.01.20"]
[Round "5.6"]
[White "Zhu, Jiner"]
[Black "Van Foreest, Lucas"]
[Result "1/2-1/2"]
[WhiteElo "2478"]
[BlackElo "2530"]
[Annotator "TA"]
[PlyCount "101"]
[EventDate "2022.01.15"]
[EventType "tourn"]
[EventCountry "NED"]
[SourceTitle "playchess.com"]
[Source "ChessBase"]
[SourceQuality "1"]

1. e4 e5 2. Nf3 Nc6 3. Bb5 Nf6 4. O-O Nxe4 5. Re1 Nd6 6. Nxe5 Be7 7. Bf1 Nf5 8. c3 Nxe5 9. Rxe5 d6 10. Re1 O-O 11. d4 d5 12. Bf4 Bd6 13. Bxd6 Nxd6 14. Nd2 Bf5 15. b3 c6 16. Qf3 Bg6 17. Qf4 Qd7 18. c4 dxc4 19. bxc4 Rad8 20. Nf3 Qf5 21. Qd2 c5 22. Nh4 Qc8 23. d5 b6 24. a4 Qg4 25. Nxg6 hxg6 26. h3 Qh4 27. g3 Qf6 28. a5 Rfe8 29. axb6 axb6 30. Rab1 Rxe1 31. Qxe1 Nf5 32. Qe4 Nd4 33. Bg2 Rb8 34. h4 Rd8 35. f4 Qd6 36. Qe5 Qd7 37. Rxb6 Qg4 38. Kh2 Kh7 39. Rb2 Ra8 40. Qe3 Ra6 41. Rd2 Qf5 42. Be4 Qg4 43. Kg2 Rb6 44. Bf3 Nf5 45. Bxg4 Nxe3+ 46. Kh3 Nxc4 47. Rc2 Nd6 48. Rxc5 Ne4 49. Rc2 Rb3 50. Rg2 Rd3 51. Be2 1/2-1/2

[Event "82nd Tata Steel Masters 2020"]
[Site "Wijk aan Zee"]
[Date "2020.01.16"]
[Round "5.7"]
[White "Duda, Jan-Krzysztof"]
[Black "Artemiev, Vladislav"]
[Result "1/2-1/2"]
[WhiteElo "2758"]
[BlackElo "2731"]
[Annotator "TA"]
[PlyCount "104"]
[EventDate "2020.01.11"]
[EventType "tourn"]
[EventCountry "NED"]
[SourceTitle "playchess.com"]
[Source "ChessBase"]
[SourceQuality "1"]

1. d4 d5 2. c4 c6 3. Nf3 Nf6 4. Nc3 e6 5. e3 Nbd7 6. Qc2 Bd6 7. Bd3 O-O 8. O-O dxc4 9. Bxc4 e5 10. h3 exd4 11. exd4 Nb6 12. Bb3 Nbd5 13. Bg5 Be7 14. Rfe1 Be6 15. Re5 Qd7 16. Rae1 Rae8 17. Qd2 Bd8 18. Bc2 Qc8 19. Bh6 Ne7 20. Ne4 Nf5 21. Bxg7 Nxe4 22. R1xe4 Nxg7 23. Qh6 f5 24. Rg4 Bf6 25. Ng5 Bxg5 26. Rxg5 Qd7 27. d5 cxd5 28. Ba4 Qf7 29. Bxe8 Rxe8 30. Rxe6 Rxe6 31. Rxg7+ Qxg7 32. Qxe6+ Qf7 33. Qxf7+ Kxf7 34. Kf1 Ke6 35. Ke2 f4 36. g4 fxg3 37. fxg3 Ke5 38. Ke3 d4+ 39. Kf3 Kf5 40. g4+ Kg5 41. Kg3 d3 42. h4+ Kf6 43. Kf3 Ke5 44. Ke3 d2 45. Kxd2 Kf4 46. g5 Kg4 47. Ke3 Kxh4 48. Kf4 a6 49. a3 b6 50. a4 a5 51. b3 Kh3 52. Kf3 Kh4 1/2-1/2

[Event "85th Tata Steel Masters 2023"]
[Site "Wijk aan Zee"]
[Date "2023.01.19"]
[Round "5.7"]
[White "Gukesh D"]
[Black "Rapport, Richard"]
[Result "1/2-1/2"]
[WhiteElo "2725"]
[BlackElo "2740"]
[Annotator "TA"]
[PlyCount "93"]
[EventDate "2023.01.10"]
[EventType "tourn"]
[EventCountry "NED"]
[SourceTitle "playchess.com"]
[Source "ChessBase"]
[SourceQuality "1"]

1. d4 Nf6 2. c4 g6 3. Nc3 d5 4. Nf3 Bg7 5. Bg5 Ne4 6. Bf4 Nxc3 7. bxc3 c5 8. e3 O-O 9. cxd5 cxd4 10. cxd4 Qxd5 11. Be2 Qa5+ 12. Qd2 Nc6 13. Qxa5 Nxa5 14. O-O Be6 15. Rfc1 Rfc8 16. Nd2 Bd5 17. a4 e6 18. Bf3 Bxf3 19. gxf3 Bf8 20. Rab1 Ba3 21. Rd1 b6 22. Ne4 Nc4 23. h4 Kg7 24. Rb3 Be7 25. Rc3 a6 26. h5 b5 27. h6+ Kf8 28. axb5 axb5 29. Rb3 b4 30. Nc5 Nb6 31. e4 Rd8 32. Rbb1 Rac8 33. Nb7 Rd7 34. Nc5 Rdd8 35. Nb7 Rd7 36. Nc5 Rdd8 37. Kf1 g5 38. Be3 e5 39. Nb7 Rd7 40. Nc5 Bxc5 41. dxc5 Rxd1+ 42. Rxd1 Nc4 43. Rb1 Nxe3+ 44. fxe3 Rxc5 45. Rxb4 Rc6 46. Rb5 Rxh6 47. Rxe5 1/2-1/2

[Event "84th Tata Steel Masters 2022"]
[Site "Wijk aan Zee"]
[Date "2022.01.20"]
[Round "5.7"]
[White "Dubov, Daniil"]
[Black "Shankland, Sam"]
[Result "1/2-1/2"]
[WhiteElo "2720"]
[BlackElo "2708"]
[Annotator "TA"]
[PlyCount "73"]
[EventDate "2022.01.15"]
[EventType "tourn"]
[EventCountry "NED"]
[SourceTitle "playchess.com"]
[Source "ChessBase"]
[SourceQuality "1"]

1. d4 d5 2. c4 e6 3. Nf3 Nf6 4. g3 Bb4+ 5. Bd2 a5 6. Bg2 O-O 7. Qc1 Nbd7 8. O-O Be7 9. Rd1 c6 10. Bf4 a4 11. h4 h6 12. Ne5 Nh5 13. Be3 Nhf6 14. Bf4 Nh5 15. Bd2 Nhf6 16. Nd3 Nb6 17. c5 Nbd7 18. Bb4 b6 19. cxb6 Bxb4 20. Qxc6 Ba5 21. b7 Bxb7 22. Qxb7 Qe7 23. Qb5 a3 24. Nxa3 Rfb8 25. Qc6 Rc8 26. Qa4 Bc3 27. Qb3 Bxb2 28. Qxb2 Qxa3 29. Qxa3 Rxa3 30. Rdc1 Rca8 31. Nb4 R3a4 32. Rab1 g5 33. hxg5 hxg5 34. Rb3 Nb6 35. Rc2 Kg7 36. e3 Nc4 37. Rc1 1/2-1/2

[Event "83rd Tata Steel Masters 2021"]
[Site "Wijk aan Zee"]
[Date "2021.01.21"]
[Round "5.7"]
[White "Wojtaszek, Radoslaw"]
[Black "Duda, Jan-Krzysztof"]
[Result "1/2-1/2"]
[WhiteElo "2705"]
[BlackElo "2743"]
[Annotator "TA"]
[PlyCount "53"]
[EventDate "2021.01.16"]
[EventType "tourn"]
[EventCountry "NED"]
[SourceTitle "playchess.com"]
[Source "ChessBase"]
[SourceQuality "1"]

1. d4 Nf6 2. c4 e6 3. Nf3 d5 4. Nc3 c5 5. cxd5 Nxd5 6. e4 Nxc3 7. bxc3 cxd4 8. cxd4 Bb4+ 9. Bd2 Bxd2+ 10. Qxd2 O-O 11. Bc4 Nc6 12. O-O b6 13. Rad1 Bb7 14. Qf4 Qf6 15. Qg4 Rfd8 16. d5 exd5 17. Bxd5 Ne5 18. Nxe5 Bxd5 19. Rxd5 Rxd5 20. exd5 Qxe5 21. Qd7 Qe8 22. Qc7 Qb8 23. Qe7 Qf8 24. Qb7 Qc8 25. Qe7 Qf8 26. Qb7 Qc8 27. Qe7 1/2-1/2